| 000 | 00496nam a22001817a 4500 | ||
|---|---|---|---|
| 005 | 20230111120234.0 | ||
| 008 | 221221b |||||||| |||| 00| 0 eng d | ||
| 020 | _a978-0-7020-8266-5 | ||
| 041 | _aeng | ||
| 082 | _a616.0 GLY-H | ||
| 100 |
_aGLVNN , MICHAEL , AND DRAKE , WILLIAM M _97442 |
||
| 245 | _aHUTCHISON 'S CLINICAL METHODS :AN INTEGRATED APPROCH TO CLINICAL PRACTICE | ||
| 250 | _a25th ed. | ||
| 260 |
_bELSEVIER _c2023 |
||
| 300 | _a516;P. | ||
| 650 |
_aBPT _96963 |
||
| 942 | _cBK | ||
| 999 |
_c8185 _d8183 |
||